Word Ladder: Star Trek TNG Crew Quiz Stats

Quiz Updated Nov 4, 2015

Challenge
Share
Tweet
Embed
Score 0/28 Timer 03:00
1 Play Today
Clue 4-Letter Word % Correct
A precious metal, valued especially for use in jewelry GOLD
95.1%
A wild carnivorous mammal, living and hunting in packsWOLF
95%
College residence hallDORM
94.6%
Strip of material used to hold up pantsBELT
94.3%
A game/sport played on a large open-air courseGOLF
94.2%
A hollow cup-shaped instrument that ringsBELL
93.6%
In good healthWELL
93.4%
Long, limbless, crawling invertebrateWORM
93.3%
★ Klingon Security Officer, Lt. ____WORF
93.2%
Title given to a woman equivalent to the rank of knightDAME
93.1%
A furry growth, typically occurring in moist warm conditionsMOLD
92.8%
★ First Officer, Cmdr. ____ Riker (dim.) ★WILL
92.3%
Round vault forming the roof of a buildingDOME
91.7%
Main rhythmic unit of musicBEAT
91.4%
Clue 4-Letter Word % Correct
A particular day when a given event occursDATE
91.3%
Uncontrolled or unrestrainedWILD
90.9%
Defensive ditch surrounding a castleMOAT
90.6%
Gentle and not easily provokedMILD
90.5%
A long, low sound expressing physical suffering or pleasureMOAN
90.4%
★ Captain ____-Luc Picard ★JEAN
89.2%
Edible seed, often cooked or bakedBEAN
88.9%
Horse's pace, slightly faster than a walkTROT
88.1%
French artist Gustave ___, who illustrated The Divine ComedyDORÉ
86.8%
___ Collins, from TOS episode ‘The City on the Edge of Forever’JOAN
84.3%
Short, sharp sound made by a hornTOOT
84%
Debatable, disputable, unresolvedMOOT
83.2%
★ Android Operations Officer, Lt. Cmdr. ____DATA
73.5%
★ Counselor Deanna ____TROI
56.5%

Today's Daily Dose

Word Ladder
'90s Movies

Quick Pick
'Fire' Movies

On This Day
June 19th II

You're not logged in!

Compare scores with friends on all Sporcle quizzes.
Join for Free
OR
Log In

You Might Also Like...

Show Comments

Extras

Top Quizzes Today


Score Distribution

Your Account Isn't Verified!

In order to create a playlist on Sporcle, you need to verify the email address you used during registration. Go to your Sporcle Settings to finish the process.

Report this User

Report this user for behavior that violates our Community Guidelines.

Details: